Nelineárny dynamický model formovania a šírenia sa spoločenskej mienky

Jednoduché modely vzájomnej reakcie sociálnych skupín - reakcia nultého rádu, prvého rádu, druhého rádu. Zložitejšie modely vzájomnej reakcie sociálnych skupín - vratné reakcie. Následné reakcie. Autokatalytické rovnice, ktoré popisujú autokatalytické reakcie, aktivity a procesy. Rovnice s enzýmovou...

Descrizione completa

Salvato in:
Dettagli Bibliografici
Autore principale: Turňa, Ľubomír
Natura: Capitolo di libro
Lingua:slovacco
Soggetti:
Tags: Aggiungi Tag
Nessun Tag, puoi essere il primo ad aggiungerne!!

MARC

LEADER 00000nla$a2200000$$$4500
001 0145726
005 20240502072629.8
041 0 |a slo 
044 |a SK 
245 1 0 |a Nelineárny dynamický model formovania a šírenia sa spoločenskej mienky  |c Ľubomír Turňa 
520 |a Jednoduché modely vzájomnej reakcie sociálnych skupín - reakcia nultého rádu, prvého rádu, druhého rádu. Zložitejšie modely vzájomnej reakcie sociálnych skupín - vratné reakcie. Následné reakcie. Autokatalytické rovnice, ktoré popisujú autokatalytické reakcie, aktivity a procesy. Rovnice s enzýmovou kinetikou. 
610 2 0 |a matematika 
610 2 0 |a modely 
610 2 0 |a modelovanie 
610 2 0 |a správanie 
610 2 0 |a spoločnosť 
610 2 0 |a skupiny sociálne 
100 1 |a Turňa, Ľubomír